ბათუმის შოთა რუსთაველის სახელმწიფო უნივერსიტეტის ბიბლიოთეკა

სუბტროპიკული ხეხილის ბაღის გაშენება (ბიბ.ჩანაწერი № 44685)

000 -LEADER
fixed length control field 00792nam a2200205Ia 4500
001 - CONTROL NUMBER
control field 11489
003 - CONTROL NUMBER IDENTIFIER
control field GE_BSU
008 - FIXED-LENGTH DATA ELEMENTS--GENERAL INFORMATION
fixed length control field 181216s||||||||xx |||||||||||||| ||und||
040 ## - CATALOGING SOURCE
Transcribing agency GE_BSU
100 ## - MAIN ENTRY--PERSONAL NAME
Personal name კვარაცხელია,ტ.ყ; აკულოვა,ტ.ა.
245 ## - TITLE STATEMENT
Title სუბტროპიკული ხეხილის ბაღის გაშენება
245 ## - TITLE STATEMENT
Statement of responsibility, etc. რედ:დ.ცქიტიშვილი; თარგმ.გრ.შავიშვილისა.
260 ## - PUBLICATION, DISTRIBUTION, ETC.
Place of publication, distribution, etc. თბილისი
260 ## - PUBLICATION, DISTRIBUTION, ETC.
Name of publisher, distributor, etc. სახელგამი
260 ## - PUBLICATION, DISTRIBUTION, ETC.
Date of publication, distribution, etc. 1950
300 ## - PHYSICAL DESCRIPTION
Extent 145გვ;20სმ.
300 ## - PHYSICAL DESCRIPTION
Other physical details ილ.
653 ## - INDEX TERM--UNCONTROLLED
Uncontrolled term სუბტროპიკული ხეხილის ბაღის გაშენება
942 ## - ADDED ENTRY ELEMENTS (KOHA)
Koha item type წიგნი
ეგზემპლარები
Withdrawn status Lost status Damaged status Not for loan Date acquired Barcode Date last seen Price effective from Koha item type
        2018-12-17 20117 2018-12-17 2018-12-17 წიგნი
        2018-12-17 20116 2018-12-17 2018-12-17 წიგნი